HOOKED ON TOEFT iBT READING
Bewaard in:
| Hoofdauteur: | |
|---|---|
| Formaat: | Boek |
| Taal: | English |
| Gepubliceerd in: |
TP.HCM
2010
|
| Onderwerpen: | |
| Tags: |
Voeg label toe
Geen labels, Wees de eerste die dit record labelt!
|
| Thư viện lưu trữ: | Mạng thư viện Đại học Đà Nẵng |
|---|
| LEADER | 00830nam a22002531a 4500 | ||
|---|---|---|---|
| 001 | 000034039 | ||
| 003 | 10231 | ||
| 005 | 20151027131602.0 | ||
| 008 | 151027s2010 000 eng | ||
| 041 | |a eng | ||
| 082 | |a 420.8 |b HO-N | ||
| 100 | |a Hoài Nam | ||
| 245 | |a HOOKED ON TOEFT iBT READING |c Hoài Nam | ||
| 260 | |a TP.HCM |c 2010 | ||
| 300 | |a 197p. : ill ; 30cm | ||
| 650 | |a HOOKED ON TOEFT iBT READING, TOEFT Ibt, READING | ||
| OWN | |a LNN | ||
| AVA | |a UDN50 |b LNN |d 420.8 HO-N |e available |t Error 5001 Not defined in file expand_doc_bib_avail. |f 2 |g 0 |h N |i 0 |k 1 | ||
| 999 | |a From the UDN01 | ||
| AVA | |a UDN50 |b LNN |d 420.8 HO-N |e available |t Error 5001 Not defined in file expand_doc_bib_avail. |f 2 |g 0 |h N |i 0 |k 1 | ||
| TYP | |a Monograph | ||
| 980 | |a Mạng thư viện Đại học Đà Nẵng | ||